<?xml version="1.0" encoding="UTF-8"?><marc:collection xmlns:marc="http://www.loc.gov/MARC21/slim">
  <marc:record>
    <marc:leader>00000nam  2200000zi 4500</marc:leader>
    <marc:controlfield tag="001">9.700116</marc:controlfield>
    <marc:controlfield tag="003">CaOODSP</marc:controlfield>
    <marc:controlfield tag="005">20221107134535</marc:controlfield>
    <marc:controlfield tag="006">m     o  d f      </marc:controlfield>
    <marc:controlfield tag="007">cr cn|||||||||</marc:controlfield>
    <marc:controlfield tag="008">150407s1993    onc|||||o    f00| 0 eng d</marc:controlfield>
    <marc:datafield tag="040" ind1=" " ind2=" ">
      <marc:subfield code="a">CaOODSP</marc:subfield>
      <marc:subfield code="b">eng</marc:subfield>
      <marc:subfield code="e">rda</marc:subfield>
      <marc:subfield code="c">CaOODSP</marc:subfield>
    </marc:datafield>
    <marc:datafield tag="043" ind1=" " ind2=" ">
      <marc:subfield code="a">n-cn---</marc:subfield>
    </marc:datafield>
    <marc:datafield tag="086" ind1="1" ind2=" ">
      <marc:subfield code="a">CH37-4/1-1993E-PDF</marc:subfield>
    </marc:datafield>
    <marc:datafield tag="245" ind1="0" ind2="0">
      <marc:subfield code="a">Canadian Charter of Rights and Freedoms.</marc:subfield>
    </marc:datafield>
    <marc:datafield tag="264" ind1=" " ind2="1">
      <marc:subfield code="a">[Ottawa] : </marc:subfield>
      <marc:subfield code="b">[Canadian Heritage], </marc:subfield>
      <marc:subfield code="c">[1993]</marc:subfield>
    </marc:datafield>
    <marc:datafield tag="300" ind1=" " ind2=" ">
      <marc:subfield code="a">1 online resource (1 page with another presentation in 4 pages)</marc:subfield>
    </marc:datafield>
    <marc:datafield tag="336" ind1=" " ind2=" ">
      <marc:subfield code="a">text</marc:subfield>
      <marc:subfield code="b">txt</marc:subfield>
      <marc:subfield code="2">rdacontent</marc:subfield>
    </marc:datafield>
    <marc:datafield tag="337" ind1=" " ind2=" ">
      <marc:subfield code="a">computer</marc:subfield>
      <marc:subfield code="b">c</marc:subfield>
      <marc:subfield code="2">rdamedia</marc:subfield>
    </marc:datafield>
    <marc:datafield tag="338" ind1=" " ind2=" ">
      <marc:subfield code="a">online resource</marc:subfield>
      <marc:subfield code="b">cr</marc:subfield>
      <marc:subfield code="2">rdacarrier</marc:subfield>
    </marc:datafield>
    <marc:datafield tag="500" ind1=" " ind2=" ">
      <marc:subfield code="a">The most recent version of the certificate format is available at the Open Government portal.</marc:subfield>
    </marc:datafield>
    <marc:datafield tag="500" ind1=" " ind2=" ">
      <marc:subfield code="a">Digitized edition from print [provided by Heritage Canada].</marc:subfield>
    </marc:datafield>
    <marc:datafield tag="590" ind1=" " ind2=" ">
      <marc:subfield code="a">14-20-Supp</marc:subfield>
      <marc:subfield code="b">2014-11-25</marc:subfield>
    </marc:datafield>
    <marc:datafield tag="650" ind1=" " ind2="0">
      <marc:subfield code="a">Civil rights</marc:subfield>
      <marc:subfield code="z">Canada.</marc:subfield>
    </marc:datafield>
    <marc:datafield tag="710" ind1="1" ind2=" ">
      <marc:subfield code="a">Canada.</marc:subfield>
      <marc:subfield code="b">Canadian Heritage. </marc:subfield>
      <marc:subfield code="b">Human Rights Directorate, </marc:subfield>
      <marc:subfield code="e">issuing body.</marc:subfield>
    </marc:datafield>
    <marc:datafield tag="775" ind1="0" ind2="8">
      <marc:subfield code="t">Charte canadienne des droits et libertés.</marc:subfield>
      <marc:subfield code="w">(CaOODSP)9.644021</marc:subfield>
    </marc:datafield>
    <marc:datafield tag="775" ind1="0" ind2="8">
      <marc:subfield code="t">[Canadian Charter of Rights and Freedoms] </marc:subfield>
      <marc:subfield code="w">(CaOODSP)9.837614</marc:subfield>
    </marc:datafield>
    <marc:datafield tag="775" ind1="0" ind2="8">
      <marc:subfield code="t">[Canadian Charter of Rights and Freedoms] </marc:subfield>
      <marc:subfield code="w">(CaOODSP)9.837623</marc:subfield>
    </marc:datafield>
    <marc:datafield tag="775" ind1="0" ind2="8">
      <marc:subfield code="t">[Canadian Charter of Rights and Freedoms] </marc:subfield>
      <marc:subfield code="w">(CaOODSP)9.837625</marc:subfield>
    </marc:datafield>
    <marc:datafield tag="775" ind1="0" ind2="8">
      <marc:subfield code="t">[Canadian Charter of Rights and Freedoms] </marc:subfield>
      <marc:subfield code="w">(CaOODSP)9.837627</marc:subfield>
    </marc:datafield>
    <marc:datafield tag="775" ind1="0" ind2="8">
      <marc:subfield code="t">[Canadian Charter of Rights and Freedoms] </marc:subfield>
      <marc:subfield code="w">(CaOODSP)9.837632</marc:subfield>
    </marc:datafield>
    <marc:datafield tag="775" ind1="0" ind2="8">
      <marc:subfield code="t">[Canadian Charter of Rights and Freedoms] </marc:subfield>
      <marc:subfield code="w">(CaOODSP)9.837634</marc:subfield>
    </marc:datafield>
    <marc:datafield tag="775" ind1="0" ind2="8">
      <marc:subfield code="t">[Canadian Charter of Rights and Freedoms] </marc:subfield>
      <marc:subfield code="w">(CaOODSP)9.837636</marc:subfield>
    </marc:datafield>
    <marc:datafield tag="775" ind1="0" ind2="8">
      <marc:subfield code="t">[Canadian Charter of Rights and Freedoms] </marc:subfield>
      <marc:subfield code="w">(CaOODSP)9.837642</marc:subfield>
    </marc:datafield>
    <marc:datafield tag="775" ind1="0" ind2="8">
      <marc:subfield code="t">[Canadian Charter of Rights and Freedoms] </marc:subfield>
      <marc:subfield code="w">(CaOODSP)9.837645</marc:subfield>
    </marc:datafield>
    <marc:datafield tag="775" ind1="0" ind2="8">
      <marc:subfield code="t">[Canadian Charter of Rights and Freedoms] </marc:subfield>
      <marc:subfield code="w">(CaOODSP)9.837648</marc:subfield>
    </marc:datafield>
    <marc:datafield tag="775" ind1="0" ind2="8">
      <marc:subfield code="t">[Canadian Charter of Rights and Freedoms] </marc:subfield>
      <marc:subfield code="w">(CaOODSP)9.837653</marc:subfield>
    </marc:datafield>
    <marc:datafield tag="775" ind1="0" ind2="8">
      <marc:subfield code="t">[Canadian Charter of Rights and Freedoms] </marc:subfield>
      <marc:subfield code="w">(CaOODSP)9.837656</marc:subfield>
    </marc:datafield>
    <marc:datafield tag="775" ind1="0" ind2="8">
      <marc:subfield code="t">[Canadian Charter of Rights and Freedoms] </marc:subfield>
      <marc:subfield code="w">(CaOODSP)9.837659</marc:subfield>
    </marc:datafield>
    <marc:datafield tag="775" ind1="0" ind2="8">
      <marc:subfield code="t">[Canadian Charter of Rights and Freedoms] </marc:subfield>
      <marc:subfield code="w">(CaOODSP)9.837662</marc:subfield>
    </marc:datafield>
    <marc:datafield tag="775" ind1="0" ind2="8">
      <marc:subfield code="t">[Canadian Charter of Rights and Freedoms] </marc:subfield>
      <marc:subfield code="w">(CaOODSP)9.837668</marc:subfield>
    </marc:datafield>
    <marc:datafield tag="775" ind1="0" ind2="8">
      <marc:subfield code="t">[Canadian Charter of Rights and Freedoms] </marc:subfield>
      <marc:subfield code="w">(CaOODSP)9.837671</marc:subfield>
    </marc:datafield>
    <marc:datafield tag="775" ind1="0" ind2="8">
      <marc:subfield code="t">[Canadian Charter of Rights and Freedoms] </marc:subfield>
      <marc:subfield code="w">(CaOODSP)9.837675</marc:subfield>
    </marc:datafield>
    <marc:datafield tag="775" ind1="0" ind2="8">
      <marc:subfield code="t">[Canadian Charter of Rights and Freedoms] </marc:subfield>
      <marc:subfield code="w">(CaOODSP)9.858565</marc:subfield>
    </marc:datafield>
    <marc:datafield tag="775" ind1="0" ind2="8">
      <marc:subfield code="t">[Canadian Charter of Rights and Freedoms] </marc:subfield>
      <marc:subfield code="w">(CaOODSP)9.858573</marc:subfield>
    </marc:datafield>
    <marc:datafield tag="775" ind1="0" ind2="8">
      <marc:subfield code="t">[Canadian Charter of Rights and Freedoms] </marc:subfield>
      <marc:subfield code="w">(CaOODSP)9.858614</marc:subfield>
    </marc:datafield>
    <marc:datafield tag="775" ind1="0" ind2="8">
      <marc:subfield code="t">[Canadian Charter of Rights and Freedoms] </marc:subfield>
      <marc:subfield code="w">(CaOODSP)9.858615</marc:subfield>
    </marc:datafield>
    <marc:datafield tag="775" ind1="0" ind2="8">
      <marc:subfield code="t">[Canadian Charter of Rights and Freedoms] </marc:subfield>
      <marc:subfield code="w">(CaOODSP)9.858617</marc:subfield>
    </marc:datafield>
    <marc:datafield tag="775" ind1="0" ind2="8">
      <marc:subfield code="t">[Canadian Charter of Rights and Freedoms] </marc:subfield>
      <marc:subfield code="w">(CaOODSP)9.858619</marc:subfield>
    </marc:datafield>
    <marc:datafield tag="775" ind1="0" ind2="8">
      <marc:subfield code="t">[Canadian Charter of Rights and Freedoms] </marc:subfield>
      <marc:subfield code="w">(CaOODSP)9.858621</marc:subfield>
    </marc:datafield>
    <marc:datafield tag="775" ind1="0" ind2="8">
      <marc:subfield code="t">[Canadian Charter of Rights and Freedoms] </marc:subfield>
      <marc:subfield code="w">(CaOODSP)9.858622</marc:subfield>
    </marc:datafield>
    <marc:datafield tag="775" ind1="0" ind2="8">
      <marc:subfield code="t">[Canadian Charter of Rights and Freedoms] </marc:subfield>
      <marc:subfield code="w">(CaOODSP)9.858623</marc:subfield>
    </marc:datafield>
    <marc:datafield tag="775" ind1="0" ind2="8">
      <marc:subfield code="t">[Canadian Charter of Rights and Freedoms] </marc:subfield>
      <marc:subfield code="w">(CaOODSP)9.858624</marc:subfield>
    </marc:datafield>
    <marc:datafield tag="775" ind1="0" ind2="8">
      <marc:subfield code="t">[Canadian Charter of Rights and Freedoms] </marc:subfield>
      <marc:subfield code="w">(CaOODSP)9.858625</marc:subfield>
    </marc:datafield>
    <marc:datafield tag="775" ind1="0" ind2="8">
      <marc:subfield code="t">[Canadian Charter of Rights and Freedoms] </marc:subfield>
      <marc:subfield code="w">(CaOODSP)9.858626</marc:subfield>
    </marc:datafield>
    <marc:datafield tag="775" ind1="0" ind2="8">
      <marc:subfield code="t">[Canadian Charter of Rights and Freedoms] </marc:subfield>
      <marc:subfield code="w">(CaOODSP)9.858627</marc:subfield>
    </marc:datafield>
    <marc:datafield tag="775" ind1="0" ind2="8">
      <marc:subfield code="t">[Canadian Charter of Rights and Freedoms] </marc:subfield>
      <marc:subfield code="w">(CaOODSP)9.858629</marc:subfield>
    </marc:datafield>
    <marc:datafield tag="775" ind1="0" ind2="8">
      <marc:subfield code="t">[Canadian Charter of Rights and Freedoms] </marc:subfield>
      <marc:subfield code="w">(CaOODSP)9.859333</marc:subfield>
    </marc:datafield>
    <marc:datafield tag="775" ind1="0" ind2="8">
      <marc:subfield code="t">[Canadian Charter of Rights and Freedoms] </marc:subfield>
      <marc:subfield code="w">(CaOODSP)9.859517</marc:subfield>
    </marc:datafield>
    <marc:datafield tag="775" ind1="0" ind2="8">
      <marc:subfield code="t">[Canadian Charter of Rights and Freedoms] </marc:subfield>
      <marc:subfield code="w">(CaOODSP)9.837630</marc:subfield>
    </marc:datafield>
    <marc:datafield tag="775" ind1="0" ind2="8">
      <marc:subfield code="t">[Canadian Charter of Rights and Freedoms] </marc:subfield>
      <marc:subfield code="w">(CaOODSP)9.837640</marc:subfield>
    </marc:datafield>
    <marc:datafield tag="775" ind1="0" ind2="8">
      <marc:subfield code="t">[Canadian Charter of Rights and Freedoms] </marc:subfield>
      <marc:subfield code="w">(CaOODSP)9.858570</marc:subfield>
    </marc:datafield>
    <marc:datafield tag="776" ind1="0" ind2="#">
      <marc:subfield code="t">Canadian Charter of Rights and Freedoms </marc:subfield>
      <marc:subfield code="w">(CaOODSP)9.664647</marc:subfield>
    </marc:datafield>
    <marc:datafield tag="776" ind1="0" ind2="#">
      <marc:subfield code="t">Charte canadienne des droits et libertés </marc:subfield>
      <marc:subfield code="w">(CaOODSP)9.664648</marc:subfield>
    </marc:datafield>
    <marc:datafield tag="856" ind1="4" ind2="0">
      <marc:subfield code="q">PDF</marc:subfield>
      <marc:subfield code="s">1.49 MB</marc:subfield>
      <marc:subfield code="u">https://publications.gc.ca/collections/collection_2022/pch/CH37-4-1-1993-eng.pdf</marc:subfield>
      <marc:subfield code="z">(1 page presentation)</marc:subfield>
    </marc:datafield>
    <marc:datafield tag="856" ind1="4" ind2="0">
      <marc:subfield code="q">PDF</marc:subfield>
      <marc:subfield code="s">3.42 MB</marc:subfield>
      <marc:subfield code="u">https://publications.gc.ca/collections/collection_2022/pch/CH37-4-1-1993-1-eng.pdf</marc:subfield>
      <marc:subfield code="z">(4 pages presentation)</marc:subfield>
    </marc:datafield>
  </marc:record>
</marc:collection>
